=LDR 00000nam 2200000 4500 =001 INLIS000000000030580 =005 20220812081242 =035 ##$$a 0010-061300000030580 =008 220812###########################0###### =041 ##$$a Ind =082 ##$$a 297.31 =090 ##$$a 2X5.4, Tha a =100 ##$$a Thaifuri, Abdullah Afif =245 1#$$a Amalan para ulama salaf, =260 ##$$a 2003 :$b Surabaya =300 ##$$a viii, 151 hlm, 19 cm =650 #4$$a Ulama Salaf =850 ##$$a NBPNMAT =084 ##$$a 297.31 THA a =990 ##$$a 21252125